| 000 | 01123nam a2200337Ia 4500 | ||
|---|---|---|---|
| 003 | OSt | ||
| 005 | 20220912144633.0 | ||
| 006 | a|||||r|||| 00| 0 | ||
| 007 | ta | ||
| 008 | 220909b |||||||| |||| 00| 0 eng d | ||
| 020 | _a9780333919088 (hbk) | ||
| 020 | _aSL01560838 | ||
| 024 | _a190408 | ||
| 037 | _b40496, 05/03/2014, Segment Book Distributors | ||
| 037 | _cTextbook | ||
| 040 |
_aCSL _beng _cCSL |
||
| 041 | _aeng | ||
| 082 | _aY7:(LB), Q3 TY | ||
| 100 | _aBerger Rachel | ||
| 245 | 0 | _aAyurveda made modern : political histories of indigenous medicine in North India, 1900-1955 | |
| 260 |
_aNew York _bPalgrave macmillan _c2013 |
||
| 300 | _axiv,232p. | ||
| 490 | _aCAmbridge imperial and post - colonial studies | ||
| 500 | _aNotes 190-216p.; Bibliography 217-228p.; Index 229-232p. | ||
| 650 | _a Medicine ayurveda - India | ||
| 650 | _a Traditional medicine - Political aspects | ||
| 650 | _aAnthropology | ||
| 700 | _aBerger Rachel | ||
| 942 |
_hY7:(LB), Q3 TY _cTB _2CC |
||
| 999 |
_c14299 _d14299 |
||